000 00983nam a2200301 i 4500
001 000007201
003 DO-SdBNP
005 20251013102855.0
007 ta
008 090907s1996 dr ad 000 0 spa d
040 _aDO-SdBNP
_bspa
_cBNPHU
_erda
041 _aspa
082 4 _axxxx
_bR332e 1996
_222
245 0 0 _aManual de organización del gobierno /
_cintroducción, Raymundo Amaro Guzmán.
250 _aSexta edición
264 _aSanto Domingo :
_bONAP,
_c©1996.
300 _avi, 832 páginas :
_bilustraciones, diagramas ;
_c22 cm.
336 _atexto
_btxt
_2rdacontent
337 _asin mediación
_bn
_2rdamedia
338 _avolumen
_bnc
_2rdacarrier
490 1 _aReforma del Estado ;
_v2
500 _aIncluye anexo
590 _aInventariado, 2025/BT
700 1 _aAmaro Guzmán, Raymundo,
_eintroducción
_9656
710 1 _aOficina Nacional de Planificación (República Dominicana )
_910843
830 0 _aReforma del Estado
_n2
_919984
942 _2ddc
_cLBS1
999 _c6982
_d6982